| 000 | 00512nam a2200217 454500 | ||
|---|---|---|---|
| 001 | 044671 | ||
| 003 | BD-ChCU | ||
| 008 | Eng | ||
| 020 | _a0471805300 | ||
| 040 |
_aDLC _cDLC _dBD-ChCU |
||
| 082 | 0 | 0 | _a519.5/H694i |
| 100 | 1 |
_aHoel, Paul G. _bx |
|
| 245 | 1 | 0 |
_aIntroduction to Mathematical Statistics _bx |
| 250 | _a5 | ||
| 260 |
_aNew York; Singapore _bWiley _c1947 |
||
| 300 | _ax,485 | ||
| 504 | _aIncludes | ||
| 650 | 0 |
_aMathematical Statistics _bStatistics |
|
| 700 | 1 | _ax | |
| 942 |
_2ddc _cBK |
||
| 999 |
_c44671 _d44671 |
||